000 01257nam a22003857a 4500
003 CHAP
005 20220329140206.0
008 971013s1980 r 00010 d
010 _a48343
011 _a49315
035 _a53463
040 _cCHAP
082 _a631.586
_bT6
100 0 0 _aToribara, Taít Yucata
_eed.
_9113939
245 _aPolluted rain
260 _aNew York :
_bPlenum,
_c1980
300 _a502 p.
_b: ilus. ; gráfs. ; mapas
490 _aEnvironmental science research
_v; 17
590 _aBATCH-UPD
_b10
_c20130110
_lUCH01
_h0035
590 _aBATCH-UPD
_b10
_c20130110
_lUCH01
_h1239
590 _aBATCH-UPD
_b10
_c20130409
_lUCH01
_h2018
590 _aBATCH-UPD
_b10
_c20130410
_lUCH01
_h0806
590 _aBATCH-UPD
_b10
_c20130913
_lUCH01
_h2241
590 _aCONVERSION
_b10
_c20130109
_lUCH01
_h1326
650 1 4 _aAgua
_xAcidez.
_92278
650 1 4 _aAgua
_xAnálisis.
_92280
650 1 4 _aAgua
_xContaminación.
_92351
650 1 4 _aLluvia
_xEfecto en agricultura.
_967320
700 0 _aMiller, Morton W.
_eed.
_975793
700 0 _aMorrow, Paul E.
_eed.
_978928
830 0 _aEnvironmental science research
_v; 17
_937187
901 _aBK
942 _cLIBRO
949 _a631.586 T6
_bBC
_cLIBRO
_d33724000162749
_eLIBRO
_h50707
_i53463
_si
999 _c48343
_d48343